[Event "Torre Blanca op"]
[Site "Buenos Aires"]
[Date "2003.12.02"]
[Round "1.7"]
[White "Lida Garcia, Fernando"]
[Black "Wald, Gabriel"]
[Result "1/2-1/2"]
[WhiteElo "2114"]
[BlackElo "2024"]
[PlyCount "122"]
[EventDate "2003.12.02"]
[EventType "swiss"]
[EventRounds "9"]
[EventCountry "ARG"]
[SourceTitle "CBM 097 Extra"]
[Source "ChessBase"]
[SourceDate "2004.01.13"]
[SourceVersion "1"]
[SourceVersionDate "2004.01.13"]
[SourceQuality "1"]

1. d4 Nf6 2. Nf3 g6 3. c4 c5 4. d5 b5 5. cxb5 a6 6. bxa6 Bg7 7. Nc3 Bxa6 8. g3 d6 9. Bg2 0-0 10. 0-0 Nbd7 11. Qc2 Qa5 12. h3 Nb6 13. Rd1 Bb7 14. e4 Na4 15. Bd2 Rfb8 16. b3 Nxc3 17. Bxc3 Qa3 18. Bf1 Ba6 19. Bxa6 Qxa6 20. Nd2 Nd7 21. Bxg7 Kxg7 22. f4 Kg8 23. a3 Qb7 24. Qd3 Qb5 25. Qxb5 Rxb5 26. Kf2 Rab8 27. Re1 Nb6 28. Rac1 Ra8 29. a4 Rb4 30. Re3 Kf8 31. Rd3 Nd7 32. Rcc3 Rab8 33. Nc4 Nb6 34. Nxb6 R8xb6 35. Kf3 Kg7 36. g4 Rb8 37. g5 h6 38. gxh6+ Kxh6 39. Re3 Kg7 40. e5 R8b7 41. exd6 exd6 42. Red3 Kf6 43. Kg4 Rb8 44. h4 R8b7 45. Rf3 Rd4 46. Rcd3 Rdb4 47. Rh3 c4 48. bxc4 Rxc4 49. a5 Ra7 50. h5 g5 51. Rdf3 Rxa5 52. h6 Ra8 53. h7 Rh8 54. Rh6+ Kg7 55. Kxg5 Rd4 56. Rxd6 Rxh7 57. Rd7 Rh1 58. Rg3 Kf8 59. d6 Ke8 60. Re7+ Kf8 61. Rd7 Ke8 1/2-1/2

[Event "Torre Blanca-ch"]
[Site "Buenos Aires"]
[Date "2003.11.17"]
[Round "4"]
[White "Ledesma, Horacio"]
[Black "Lida Garcia, Fernando"]
[Result "1-0"]
[WhiteElo "2006"]
[BlackElo "2114"]
[PlyCount "47"]
[EventDate "2003.11.??"]
[EventType "swiss"]
[EventRounds "7"]
[EventCountry "ARG"]
[SourceTitle "EXT 2005"]
[Source "ChessBase"]
[SourceDate "2004.11.15"]
[SourceVersion "1"]
[SourceVersionDate "2004.11.15"]
[SourceQuality "1"]

1. e4 e6 2. d4 c5 3. Nf3 a6 4. Nc3 cxd4 5. Nxd4 Qc7 6. Be2 Nf6 7. 0-0 Nc6 8. Kh1 Bb4 9. Nf5 exf5 10. Nd5 Nxd5 11. exd5 Ne5 12. f4 Ng6 13. Qd4 Bf8 14. Re1 Kd8 15. Be3 d6 16. a4 Ne7 17. Ra3 Qc5 18. Qd2 Qc7 19. a5 Ke8 20. Bb6 Qd7 21. Bc4 f6 22. Bb3 Kf7 23. Ba4 Nc6 24. Rc3 1-0